Diccionario de Metodología de la Investigación Científica

Bibliographic Details
Main Author: Ortiz Uribe, Frida Gisela
Format: Section = Libro
Language:Undetermined
Spanish
Published: México Limusa 2008
Edition:2a.ed
Subjects:
LEADER 00681nam a2200229Ia 4500
008 240830s9999 xx 000 0 und d
020 |a 978-968-18-6845-1 
040 |a B-ESTELÍ- RUACS / Ref 001.42 O77 
041 |a spa 
082 |a Ref 001.42 O77 
100 1 |a Ortiz Uribe, Frida Gisela 
245 1 0 |a Diccionario de Metodología de la Investigación Científica 
250 |a 2a.ed 
260 |a México  |b Limusa  |c 2008 
300 |a 225 p. 
650 7 |a INVESTIGACION-METODOLOGIA 
650 7 |b  PROCESO DE DATOS 
650 7 |c  INVESTIGACIONES 
650 7 |d  DICCIONARIO ESPECIALIZADO - METODOS DE INVESTIGACION CIENTIFICA. 
942 |c BK  |2 ddc 
991 |a TEXTO 
999 |c 11707